Memorias del Boxeo Iquiqueño.

Uloženo v:
Podrobná bibliografie
Hlavní autor: Quezada Pérez, Michael (fotografía, edición)
Médium: Kniha
Jazyk:španělština
Vydáno: Santiago, Chile: Ograma Impresores, 2016.
Témata:
Tagy: Přidat tag
Žádné tagy, Buďte první, kdo vytvoří štítek k tomuto záznamu!

MARC

LEADER 00000nam a22000007a 4500
003 CL-VaPUC
005 20250321101930.0
008 250122t2016 ||||| |||| 00| 0 spa d
999 |c 446742  |d 446740 
020 |a 978-956-368-916-7 
040 |c Pontificia Universidad Católica de Valparaíso 
082 |2 22  |a 796.80983 QUE 2016 
100 |9 895729  |a Quezada Pérez, Michael  |e fotografía  |e edición 
245 |a Memorias del Boxeo Iquiqueño. 
260 |a Santiago, Chile:  |b Ograma Impresores,  |c 2016. 
300 |a 94 páginas:  |b fotografías. 
500 |a c.1 Instituto Arcos. 08-01-2025 
583 |c 20250122  |k Yessy Sthefany Diaz Vidal 
650 0 |9 356465  |a Boxeo  |z Iquique, Chile  |v Historia 
650 0 |9 568226  |a Boxeadores  |v Historia de Chile  |y Siglo 20 
942 |2 ddc  |c BK  |n 0 
952 |0 0  |1 0  |2 ddc  |4 0  |6 796_809830000000000_QUE_2016  |7 0  |8 A  |9 599753  |a BIBINC  |b BIBINC  |d 2025-01-22  |e Instituto Arcos  |i 5664516  |o 796.80983 QUE 2016  |p 5664516  |r 2025-01-22  |t 1  |w 2025-01-22  |y BK  |k IFP